First U.S. States to be Settled by Europeans - Statistics

General Stats
  • This quiz has been taken 35,164 times
  • The average score is 8 of 11
Answer Stats
Year Settled by... City State % Correct
1614 Netherlands Albany New York
96%
1565 Spain St. Augustine Florida
93%
1607 England Jamestown Virginia
85%
1631 England Biddeford Maine
84%
1620 England Plymouth Massachusetts
83%
1630 Netherlands Pavonia (today Jersey City) New Jersey
72%
1633 England Windsor Connecticut
69%
1634 England St. Mary's City Maryland
68%
1623 England Dover New Hampshire
68%
1610 Spain Santa Fe New Mexico
38%
1634 France Green Bay Wisconsin
11%
No matching quizzes found
Score Distribution
Percent of People with Each Score
Percentile by Number Answered
Your Score History
You have not taken this quiz